000 00615nam a2200217Ia 4500
005 20250508170340.0
008 008 250505s9999 xx 000 0 eng d
020 _a0-675-20600-6
037 _aTextBook
040 _aFEDL
_beng
_cFEDL
041 _aeng
_2eng
084 _a155.4, HEN
_qFEDL
100 _aHendrick Joanne
_9775962
245 0 _aWhole child : Early education for the eighties
250 _a3rd
260 _aColumbus
_bCharles E. Merrill Publishing Company
_c1986
300 _axiv,608p.
650 _aChild Psychology
942 _cTB
_h155.4, HEN
999 _c1400586
_d1400586